IJCAI-99 : proceedings of the Sixteenth International Joint Conference on Artificial Intelligence : Stockholm, Sweden, July 31- August 6, 1999
Saved in:
| Corporate Author: | |
|---|---|
| Format: | Conference Proceeding Book |
| Language: | English |
| Published: |
San Francisco, CA :
Morgan Kaufmann,
c1999.
|
| Subjects: | |
| Tags: |
Add Tag
No Tags, Be the first to tag this record!
|
MARC
| LEADER | 00000cam a2200000 i 4500 | ||
|---|---|---|---|
| 001 | 1/5519 | ||
| 008 | 000606s1999 cau| ||| |||| ||eng|| | ||
| 020 | |a 1558606130 | ||
| 035 | |l 10061611 | ||
| 040 | |a GR-MyUa |b gre |e AACR2 | ||
| 041 | 0 | |a eng | |
| 082 | 7 | |a 006.3 |2 (22) | |
| 111 | 2 | |a International Joint Conference on Artificial Intelligence |n (16th : |d 1999 : |c Stockholm, Sweden) | |
| 245 | 1 | 0 | |a IJCAI-99 : |b proceedings of the Sixteenth International Joint Conference on Artificial Intelligence : Stockholm, Sweden, July 31- August 6, 1999 / |c sponsored by the International Joint Conferences on Artificial Intelligence, Inc, The Scandinavian AI Societies. |
| 260 | |a San Francisco, CA : |b Morgan Kaufmann, |c c1999. | ||
| 300 | |a 2 τ. ; |c 28 εκ. | ||
| 504 | |a Περιλαμβάνει βιβλιογραφικές παραπομπές και ευρετήριο. | ||
| 650 | 0 | |a Artificial intelligence |x Congresses. | |
| 852 | |a INST |b SAMOS |e 20000606 |h 006.3 INT |p 005300015363 |q 005300015363 |t BK |y 0 |z v.1 | ||
| 852 | |a INST |b SAMOS |e 20000606 |h 006.3 INT |p 005300015364 |q 005300015364 |t BK |y 0 |z v.2 | ||
| 852 | |a INST |b SAMOS |e 20000606 |h 006.3 INT |p 005300015363 |q 005300015363 |t BK |v v.1: |y 0 |z v.1 | ||
| 852 | |a INST |b SAMOS |e 20000606 |h 006.3 INT |p 005300015364 |q 005300015364 |t BK |v v.2: |y 0 |z v.2 | ||
| 853 | |a INST |b SAMOS |h 006.3 INT | ||
| 901 | |a BIBL3-2000-2 | ||
| 922 | |a 3ΕΛΗ |b 200003 |c ΤΠΕΣ/ΤΑΚΤ |d ΠΑΠΑΣΩΤΗΡΙΟΥ | ||
| 970 | |a ΓΕΝΟΥΖΟΥ |b ΧΡΥΣΑΝΘΗ |z 2000/06/06 | ||